• 首页
  • 本馆介绍
  • 公告通知
  • 最新文献
  • 馆藏检索
  • 电子资源
  • 读者导购
  • 参考咨询
  • 我的图书馆
  • 登录
  • 详细信息显示
  • 放入我的书架
  • 预约/预借图书
  • 作者相关作品
  • 分类相关作品
  • 丛书相关作品
  • 出版社相关作品

书目信息

  • 表格格式
  • 工作单格式
  • 卡片格式
题名:
报告文学与深度报道
    
 
作者: 陈岳芬 著
分册:  
出版信息: 上海   复旦大学出版社  2008.12
页数: 316页
开本: 22cm
丛书名: 新闻传播精品导读系列
单 册:
中图分类: I207.5 , G212
科图分类:
主题词: 报告文学--文学研究--中国--现代 , 新闻报道--研究--中国 , 报告文学 , 文学研究 , 新闻报道
电子资源:
ISBN: 978-7-309-06354-7
000 01120oam2 2200313 450
001 010700061848
005 20091221094141.38
010    @a978-7-309-06354-7@dCNY20.00
100    @a20090220d2008 em y0chiy0110 ea
101 0  @achi
102    @aCN@b310000
105    @ay z 000yy
106    @ar
200 1  @a报告文学与深度报道@9bao gao wen xue yu shen du bao dao@f陈岳芬著
210    @a上海@c复旦大学出版社@d2008.12
215    @a316页@d22cm
225 2  @a新闻传播精品导读系列
330    @a本书所选20部作品均为改革开放30年来发表的作品,在选题立意、反思力度和艺术品位方面堪称上乘。体例上按时间编排,结构上由绪论、解析和附录组成。考虑到作品的深广度,每一讲则分成新闻背景、特色提要、作者简介、作品分析和新闻延伸几个板块,以利于读者对每部作品全方位的解读。
461  0 @12001 @a新闻传播精品导读系列
606 0  @a报告文学@x文学研究@y中国@z现代
606 0  @a新闻报道@x研究@y中国
606 0  @a报告文学
606 0  @a文学研究
606 0  @a新闻报道
690    @aI207.5@v4
690    @aG212@v4
701  0 @a陈岳芬@9chen yue fen@4著
801  0 @aCN@bRENTIAN@c20091221
905    @b20797742-46@dI207.5@e624@f5
    
    报告文学与深度报道/陈岳芬著.-上海:复旦大学出版社,2008.12
    316页;22cm.-(新闻传播精品导读系列)
    
    
    ISBN 978-7-309-06354-7:CNY20.00
    本书所选20部作品均为改革开放30年来发表的作品,在选题立意、反思力度和艺术品位方面堪称上乘。体例上按时间编排,结构上由绪论、解析和附录组成。考虑到作品的深广度,每一讲则分成新闻背景、特色提要、作者简介、作品分析和新闻延伸几个板块,以利于读者对每部作品全方位的解读。
●
相关链接 在E读中查询图书 在五车中查询图书 在当当中查询图书 在豆瓣中查询图书


正题名:报告文学与深度报道     索取号:I207.5/624         预约/预借

序号 登录号 条形码 馆藏地/架位号 状态 备注
1 797742   207977420   第一样本阅览室/ [索取号:I207.5/624] 在馆    
2 797743   207977439   第二借阅区/ [索取号:I207.5/624] 在馆    
3 797744   207977448   第二借阅区/ [索取号:I207.5/624] 在馆    
4 797745   207977457   第二借阅区/ [索取号:I207.5/624] 在馆    
5 797746   207977466   密集书库-文学院/ [索取号:I207.5/624] 在馆    
唐山师范学院图书馆 欢迎您!
大连网信软件有限公司© 版权所有